Rozprávky a peniaze

O motivácii, vzorcoch správania, výchove a potrebe finančného vzdelávania prostredníctvom rozprávok.

Enregistré dans:
Détails bibliographiques
Auteur principal: Škriniar, Pavel, 1979-
Format: Chapitre de livre
Langue:slovaque
Sujets:
Tags: Ajouter un tag
Pas de tags, Soyez le premier à ajouter un tag!

MARC

LEADER 00000naa a2200000 4500
001 0198604
005 20240502073345.5
041 0 |a slo 
044 |a SK 
245 1 0 |a Rozprávky a peniaze  |c Pavel Škriniar 
520 |a O motivácii, vzorcoch správania, výchove a potrebe finančného vzdelávania prostredníctvom rozprávok. 
610 2 0 |a peniaze 
610 2 0 |a financie 
610 2 0 |a vzdelávanie 
100 1 |a Škriniar, Pavel, 1979-